000 01213nam a2200337 i 4500
003 DO-SdBNP
005 20260210115647.0
006 a||||er|||| 00| 0
007 ta
008 231004e2008 sp ||||| |||| 00| f spa d
020 _a9788433972996
040 _aDO-SdBNP
_bspa
_cBNPHU
_erda
082 4 _a813.54
_bC246a
_222
100 _aCapote, Truman,
_d1924-1984
_912174
_eautor
245 1 0 _aA sangre fría /
_cTruman Capote; traducción de Jesús Zulaika ; prólogo de Clara Sánchez.
250 _a3a. edición
264 1 _aBarcelona, España :
_bAnagrama,
_c2008
300 _a434 páginas ;
_c20 cm.
336 _2rdacontent
_atexto
_btxt
337 _2rdamedia
_asin mediación
_bn
338 _2rdacarriel
_avolumen
_bnc
490 _aCompactos ;
_v26
505 _a1. Los últimos que lo vieron vivos
_t2. Personas sin identificar.
_t3. La respuesta.--
_t4. El Rincón.
534 _aIn cold blood.
_b1a. edición
_cNueva York, 1965.
590 _aInventariado 2023 / MF
650 0 _a Novela estadounidense
_910659
650 0 _aLiteratura estadounidenses
_99904
_ySiglo XX
650 0 _aAsesinato
_xNovela
_zEstados Unidos
_942986
910 _aValidado. Control de Calidad /MAA
942 _2ddc
_cLBS1
999 _c55078
_d55078